Changing United Kingdom residential real estate market (Record no. 28801)
[ view plain ]
| 000 -LEADER | |
|---|---|
| fixed length control field | 01332cab a2200205 4500 |
| 001 - CONTROL NUMBER | |
| control field | ABS44100 |
| 008 - FIXED-LENGTH DATA ELEMENTS--GENERAL INFORMATION | |
| fixed length control field | 090401t1990 xxu||||| |||| 00| 0 eng d |
| 035 ## - SYSTEM CONTROL NUMBER | |
| System control number | (Sirsi) u45354 |
| 041 ## - LANGUAGE CODE | |
| Language code of text/sound track or separate title | eng |
| 100 ## - MAIN ENTRY--PERSONAL NAME | |
| Personal name | Brown, P.M. |
| 245 ## - TITLE STATEMENT | |
| Title | Changing United Kingdom residential real estate market |
| 260 ## - PUBLICATION, DISTRIBUTION, ETC. | |
| Date of publication, distribution, etc. | 1990 |
| 350 ## - PRICE (NR) (BK AM CF MU VM SE) [OBSOLETE] | |
| Price | 0 |
| 490 ## - SERIES STATEMENT | |
| Series statement | Land Development Studies |
| Volume/sequential designation | 7(3) September 1990, 119-133(8) |
| 520 ## - SUMMARY, ETC. | |
| Summary, etc. | The residential property market is dependant upon the overall well-being of the economy, with movements of residential property prices following a cyclical movement over time. The macro-economic factors that influence prices are studied for the UK and compared with results from other countries. In the UK`s case interest rates , building costs , the number of new housing starts , disposable income, investment in other assets, inflation and expectations play important roles in the determination of residential price movements. In addition, the numbers of new housing developments that are started are determined by interest rates, disposable income, building costs and expectations of property price rises. The building costs are also determined by wage rates , interest rates and the rate of inflation. (Journal abstract) |
| 650 ## - SUBJECT ADDED ENTRY--TOPICAL TERM | |
| Topical term or geographic name entry element | HOUSE PRICES |
| 690 ## - LOCAL SUBJECT ADDED ENTRY--TOPICAL TERM (OCLC, RLIN) | |
| Topical term or geographic name as entry element | HOUSING |
| 942 ## - ADDED ENTRY ELEMENTS (KOHA) | |
| Suppress in OPAC | 0 |
| 948 ## - LOCAL PROCESSING INFORMATION (OCLC); SERIES PART DESIGNATOR (RLIN) | |
| c (OCLC) | 04/03/1997 |
| Withdrawn status | Lost status | Source of classification or shelving scheme | Damaged status | Not for loan | Home library | Current library | Shelving location | Date acquired | Total Checkouts | Full call number | Barcode | Date last seen | Copy number | Price effective from | Koha item type |
|---|---|---|---|---|---|---|---|---|---|---|---|---|---|---|---|
| Dewey Decimal Classification | London | London | Journal article | 14/09/1999 | ABS44100 | 45354-1001 | 06/08/2019 | 1 | 06/08/2019 | Journal article |